00421nam a2200169Ia 4500003000400000005001700004008004100021020001500062050002200077100001900099245004400118260003500162300003300197440000600230521000700236526000800243OSt20140311163100.0140130s9999 xx 000 0 und d a0590459848 aPZ 7b.J7435 1992 aJoose, Barbara aMama, do you love me? /cBarbara Joose. bScholastic,c1992.aNew York : a25 p. :bcol. ill. ;c24 cm. v1 aG2 c420